| 000 | 00482nam a2200121 4500 | ||
|---|---|---|---|
| 999 |
_c9583 _d9583 |
||
| 008 | 180709b ||||| |||| 00| 0 eng d | ||
| 100 |
_928482 _aCanivel, Roy Stephen C. |
||
| 245 |
_aMining crackdown to worsen poverty: _bEmployee's group says economic implications will escalate to national proportion and hurt economic growth _cRoy Stephen C. Canivel |
||
| 260 |
_aPhilippines _bPhilippine Daily Inquirer _cc2017 |
||
| 300 | _apage B2-1. | ||
| 650 | 0 |
_928483 _aPoverty. |
|
| 942 |
_2ddc _cPER |
||